00430nam a2200133Ia 4500008004100000041001200041082001700053100002200070245012000092250001300212260003700225300001200262650002200274231217s9999 xx 000 0 und d aEnglish a001.642 DEI aDeitel, Harvey M. 3aAn Introduction to operating systems: Including case studies in unix, OS/2, MS-DOS, macintosh, UM,MVS, open systems a2nd ed.  c1990bNew York : Addison-Wesley, axxv+853 aOperating systems